Basic media writing /
محفوظ في:
| المؤلف الرئيسي: | |
|---|---|
| التنسيق: | كتاب |
| اللغة: | English |
| منشور في: |
Boston :
McGraw-Hill College,
1999.
|
| الطبعة: | 6th ed. |
| الموضوعات: | |
| الوسوم: |
إضافة وسم
لا توجد وسوم, كن أول من يضع وسما على هذه التسجيلة!
|
| Thư viện lưu trữ: | Mạng thư viện Đại học Đà Nẵng |
|---|
| LEADER | 00908cam a2200373 i 4500 | ||
|---|---|---|---|
| 001 | 000045784 | ||
| 003 | 4981 | ||
| 005 | 20030304141621.0 | ||
| 008 | 010220|1999 vm 000 eng | ||
| 020 | |a 0697353680 | ||
| 040 | |a IRC |c IRC |d IRC | ||
| 041 | 0 | |a eng | |
| 082 | 1 | 4 | |a 808.06607 |b ME-M |
| 100 | 1 | |a Mencher, Melvin. | |
| 245 | 0 | 0 | |a Basic media writing / |c Melvin Mencher. |
| 250 | |a 6th ed. | ||
| 260 | |a Boston : |b McGraw-Hill College, |c 1999. | ||
| 300 | |a xvi, 512p. ill. | ||
| 630 | 0 | 4 | |a Writing. |
| 630 | 0 | 4 | |a Mass media. |
| 630 | 0 | 4 | |a Journalism. |
| 650 | 0 | 4 | |a Mass media. |
| 650 | 0 | 4 | |a Writing skills. |
| 650 | 0 | 4 | |a Journalism |v Style manuals. |
| OWN | |a DUT | ||
| 999 | |a From the UDN01 | ||
| TYP | |a Monograph | ||
| TYP | |a Printed language | ||
| 980 | |a Mạng thư viện Đại học Đà Nẵng | ||


